Countries Closest to Cambodia - One Minute Sprint - Statistics

General Stats
  • This quiz has been taken 58 times
  • The average score is 16 of 20
Answer Stats
km country miles % Correct
0 Laos 0
98%
0 Vietnam 0
98%
773 China 480
96%
0 Thailand 0
96%
768 Indonesia 477
92%
1090 India 678
90%
2060 Nepal 1280
88%
405 Malaysia 252
86%
1805 Bhutan 1122
84%
324 Myanmar 201
84%
998 Singapore 620
84%
1330 Bangladesh 827
78%
1111 Brunei 690
76%
1141 Philippines 709
76%
1606 Taiwan 998
73%
2337 Sri Lanka 1452
69%
1943 Japan 1207
67%
2789 South Korea 1733
63%
2988 Timor-Leste 1857
63%
3001 Palau 1864
33%
No matching quizzes found
Score Distribution
Percent of People with Each Score
Percentile by Number Answered
Your Score History
You have not taken this quiz